[Event "Split op 12th"]
[Site "Split"]
[Date "2023.08.11"]
[Round "7"]
[White "Vucenovic, Damian"]
[Black "Prihoda, Leonardo"]
[Result "1-0"]
[WhiteElo "2184"]
[BlackElo "2059"]
[PlyCount "87"]
[EventDate "2023.08.05"]
[EventType "swiss"]
[EventRounds "9"]
[EventCountry "CRO"]
[SourceTitle "CBM 215 Extra"]
[Source "ChessBase"]
[SourceDate "2023.09.30"]
[SourceVersion "1"]
[SourceVersionDate "2023.09.30"]
[SourceQuality "1"]

1. e4 e5 2. Nf3 Nc6 3. Bc4 Nf6 4. d3 Bc5 5. c3 d6 6. Nbd2 a6 7. Bb3 Ba7 8. Nf1 Be6 9. Ng3 Qd7 10. 0-0 h6 11. d4 Bg4 12. Be3 0-0 13. Qd3 Bxf3 14. gxf3 Ne7 15. Kh1 Qh3 16. Rg1 Kh8 17. Qf1 Qxf1 18. Raxf1 g5 19. Rg2 c5 20. dxe5 dxe5 21. Rd1 Nfg8 22. Rd7 b5 23. Rg1 Bb6 24. Rgd1 Rab8 25. R1d6 Nc8 26. Rc6 c4 27. Bc2 Bxe3 28. fxe3 Nb6 29. Ra7 Na4 30. Nf5 Nxb2 31. Nd6 Kg7 32. Raxa6 f6 33. f4 gxf4 34. exf4 Kg6 35. fxe5 fxe5 36. Nxc4+ Kg5 37. Rg6+ Kh4 38. Nxb2 Rf2 39. Bb3 Ne7 40. Rxh6+ Kg5 41. Nd3 Rf1+ 42. Kg2 Rbf8 43. h4+ Kg4 44. Nxe5+ 1-0

[Event "EU-ch Amateur U2300"]
[Site "Zagreb"]
[Date "2022.08.17"]
[Round "5"]
[White "Frouth, Nenad"]
[Black "Prihoda, Leonardo"]
[Result "0-1"]
[WhiteElo "2121"]
[BlackElo "1995"]
[PlyCount "108"]
[EventDate "2022.08.14"]
[EventType "swiss"]
[EventRounds "9"]
[EventCountry "CRO"]
[SourceTitle "CBM 210 Extra"]
[Source "ChessBase"]
[SourceDate "2022.11.30"]
[SourceVersion "1"]
[SourceVersionDate "2022.11.30"]
[SourceQuality "1"]

1. Nf3 Nf6 2. d4 d5 3. Bf4 c5 4. e3 cxd4 5. exd4 Nc6 6. c3 e6 7. Nbd2 h6 8. h3 Bd6 9. Ne5 Qc7 10. Bb5 0-0 11. Bxc6 bxc6 12. 0-0 Nh7 13. Bg3 f6 14. Ng6 Re8 15. Bxd6 Qxd6 16. Qh5 Ba6 17. Rfe1 Bd3 18. Re3 Bxg6 19. Qxg6 Nf8 20. Qh5 Re7 21. Nf3 Rb8 22. b4 a5 23. a3 Ra7 24. Rae1 axb4 25. axb4 Rba8 26. g3 Ra1 27. Rxa1 Rxa1+ 28. Kg2 Qd7 29. Ne1 Qa7 30. Qe8 Qa8 31. Qe7 Ra7 32. Qc5 Kf7 33. Nd3 Re7 34. Rf3 Nd7 35. Qd6 Qb7 36. g4 Ke8 37. Re3 Kf7 38. h4 Nf8 39. Qg3 Qc7 40. Qf3 Ng6 41. Kh3 Nxh4 42. Ne5+ Qxe5 43. dxe5 Nxf3 44. Rxf3 Ra7 45. exf6 gxf6 46. c4 Rb7 47. cxd5 exd5 48. Rb3 c5 49. b5 c4 50. Rb1 Ke6 51. Kg3 d4 52. Kf4 Kd5 53. Rh1 c3 54. Kf3 Rxb5 0-1

[Event "Topusko Amateur op 6th"]
[Site "Topusko"]
[Date "2017.08.16"]
[Round "6"]
[White "Prihoda, Leonardo"]
[Black "Kljako, Damir"]
[Result "1/2-1/2"]
[WhiteElo "1982"]
[BlackElo "2132"]
[PlyCount "47"]
[EventDate "2017.08.12"]
[EventType "swiss"]
[EventRounds "9"]
[EventCountry "CRO"]
[SourceTitle "CBM 180 Extra"]
[Source "ChessBase"]
[SourceDate "2017.10.06"]
[SourceVersion "1"]
[SourceVersionDate "2017.10.06"]
[SourceQuality "1"]

1. d4 g6 2. e4 Bg7 3. Nf3 d6 4. c3 Nf6 5. Bd3 0-0 6. 0-0 c5 7. h3 a6 8. Be3 Qc7 9. b4 c4 10. Bc2 b5 11. a4 Bb7 12. axb5 axb5 13. Rxa8 Bxa8 14. Nbd2 e6 15. Qe2 Nbd7 16. Ra1 Bc6 17. Nh2 Qb7 18. f3 Ra8 19. Qe1 Ra6 20. Qc1 Qa8 21. Rxa6 Qxa6 22. Qb2 Nb6 23. Nb1 Nfd7 24. Qa3 1/2-1/2

[Event "CRO-chT2 Center 23rd"]
[Site "Grubisno Polje"]
[Date "2014.09.07"]
[Round "7.3"]
[White "Prihoda, Leonardo"]
[Black "Martic, Slavko"]
[Result "0-1"]
[WhiteElo "1968"]
[BlackElo "2006"]
[PlyCount "114"]
[EventDate "2014.03.02"]
[EventType "team-match"]
[EventRounds "11"]
[EventCountry "CRO"]
[SourceTitle "EXT 2016"]
[Source "ChessBase"]
[SourceDate "2015.10.08"]
[SourceVersion "1"]
[SourceVersionDate "2015.10.08"]
[SourceQuality "1"]

1. d4 d5 2. c4 dxc4 3. Nc3 e5 4. e3 exd4 5. exd4 Nf6 6. Bxc4 Bd6 7. Nf3 0-0 8. 0-0 Bg4 9. h3 Bh5 10. Bg5 h6 11. Bh4 g5 12. Bg3 Nc6 13. Qd3 Bxf3 14. Qg6+ Kh8 15. Qxh6+ Nh7 16. Bxd6 Qxd6 17. Qxd6 cxd6 18. gxf3 Nxd4 19. Bd5 Nf6 20. Rad1 Nxd5 21. Rxd4 Nxc3 22. bxc3 Rac8 23. Rb1 b6 24. Rb5 f6 25. c4 Kg7 26. Rbd5 Rc5 27. Kg2 Rxd5 28. Rxd5 Rd8 29. f4 gxf4 30. Kf3 Kg6 31. Kxf4 Rc8 32. Rd4 Rc5 33. Ke4 Ra5 34. Rd2 Rh5 35. Rd3 Re5+ 36. Kf3 Ra5 37. a3 Ra4 38. Rxd6 Rxc4 39. Rd3 Ra4 40. Kg3 b5 41. f3 a6 42. Rb3 Kg5 43. Rd3 f5 44. Rc3 Rc4 45. Rd3 f4+ 46. Kf2 Rc2+ 47. Ke1 Ra2 48. Kd1 Kh4 49. Rd4 Kg3 50. h4 Kxf3 51. h5 Rxa3 52. h6 Ra1+ 53. Kd2 Rh1 54. Rd6 a5 55. Re6 a4 56. Kd3 Rh5 57. Kd2 Kf2 0-1

[Event "CRO-ch U19"]
[Site "Vukovar"]
[Date "2013.07.26"]
[Round "7"]
[White "Tomas, Ante"]
[Black "Prihoda, Leonardo"]
[Result "1/2-1/2"]
[WhiteElo "1887"]
[BlackElo "1974"]
[PlyCount "38"]
[EventDate "2013.07.22"]
[EventType "swiss"]
[EventRounds "9"]
[EventCountry "CRO"]
[SourceTitle "EXT 2014"]
[Source "ChessBase"]
[SourceDate "2013.11.20"]
[SourceVersion "1"]
[SourceVersionDate "2013.11.20"]
[SourceQuality "1"]

1. d4 d5 2. c4 e6 3. Nf3 Nf6 4. Nc3 Be7 5. e3 0-0 6. Bd3 dxc4 7. Bxc4 c5 8. 0-0 Nc6 9. a3 a6 10. dxc5 Bxc5 11. b4 Be7 12. Qe2 b5 13. Bd3 Bb7 14. Bb2 Qb8 15. Ne4 Nxe4 16. Bxe4 Nd8 17. Be5 Qa7 18. Bd4 Qb8 19. Be5 Qa7 1/2-1/2

[Event "CRO-ch U19"]
[Site "Vukovar"]
[Date "2013.07.25"]
[Round "6"]
[White "Havas, Janko"]
[Black "Prihoda, Leonardo"]
[Result "1/2-1/2"]
[WhiteElo "2118"]
[BlackElo "1974"]
[PlyCount "61"]
[EventDate "2013.07.22"]
[EventType "swiss"]
[EventRounds "9"]
[EventCountry "CRO"]
[SourceTitle "EXT 2014"]
[Source "ChessBase"]
[SourceDate "2013.11.20"]
[SourceVersion "1"]
[SourceVersionDate "2013.11.20"]
[SourceQuality "1"]

1. Nf3 d5 2. g3 Nf6 3. Bg2 c6 4. 0-0 Bf5 5. d3 e6 6. b3 Nbd7 7. Bb2 Be7 8. Nbd2 0-0 9. c4 h6 10. Qc2 Bh7 11. Rac1 Rc8 12. a3 Bd6 13. Qb1 Qe7 14. Qa1 e5 15. Ne1 Rfe8 16. e4 dxe4 17. dxe4 Rcd8 18. b4 Bc7 19. Bc3 Bg6 20. Nc2 Nb6 21. f3 Na4 22. Ne1 Nxc3 23. Qxc3 Nd7 24. Nb3 Nf8 25. Bh3 Ne6 26. Bxe6 Qxe6 27. g4 Bb6+ 28. c5 Bc7 29. Ng2 Rd7 30. Rcd1 Ree7 31. Qc2 1/2-1/2

[Event "CRO-ch U19"]
[Site "Vukovar"]
[Date "2013.07.25"]
[Round "5"]
[White "Prihoda, Leonardo"]
[Black "Plenca, Jadranko"]
[Result "1-0"]
[WhiteElo "1974"]
[BlackElo "2154"]
[PlyCount "99"]
[EventDate "2013.07.22"]
[EventType "swiss"]
[EventRounds "9"]
[EventCountry "CRO"]
[SourceTitle "EXT 2014"]
[Source "ChessBase"]
[SourceDate "2013.11.20"]
[SourceVersion "1"]
[SourceVersionDate "2013.11.20"]
[SourceQuality "1"]

1. d4 d5 2. c4 c6 3. Nc3 Nf6 4. Nf3 a6 5. e3 b5 6. cxd5 cxd5 7. Ne5 Bb7 8. Bd3 e6 9. 0-0 Nbd7 10. f4 Bd6 11. Bd2 0-0 12. a4 b4 13. Na2 a5 14. Nc1 Ne4 15. Bb5 Nb6 16. Ncd3 f6 17. Nf3 Nc4 18. Qe2 Rc8 19. Rac1 Be7 20. Rfd1 Qb6 21. Be1 Rfd8 22. Nd2 Ncd6 23. Nxe4 dxe4 24. Nc5 Nxb5 25. Qxb5 Qxb5 26. axb5 Bd5 27. b6 Bxc5 28. dxc5 Rc6 29. f5 Kf7 30. fxe6+ Kxe6 31. Bg3 Rd7 32. Rxd5 Kxd5 33. Rd1+ Kxc5 34. Rxd7 Kxb6 35. Rd2 Kb5 36. Kf2 Ka4 37. Ke2 Kb3 38. Kd1 g6 39. Bd6 a4 40. Rd4 Rxd6 41. Rxd6 Kxb2 42. Rd2+ Kb3 43. Kc1 a3 44. Kb1 Kc3 45. Rd6 f5 46. Ka2 f4 47. exf4 e3 48. Re6 Kd2 49. g4 e2 50. f5 1-0

[Event "Velika Gorica op 10th"]
[Site "Velika Gorica"]
[Date "2012.08.29"]
[Round "9"]
[White "Prihoda, Leonardo"]
[Black "Soldo, Robert"]
[Result "0-1"]
[WhiteElo "1881"]
[BlackElo "2172"]
[PlyCount "56"]
[EventDate "2012.08.20"]
[EventType "swiss"]
[EventRounds "9"]
[EventCountry "CRO"]
[SourceTitle "CBM 150 Extra"]
[Source "ChessBase"]
[SourceDate "2012.10.19"]
[SourceVersion "1"]
[SourceVersionDate "2012.10.19"]
[SourceQuality "1"]

1. d4 Nf6 2. c4 e6 3. Nf3 b6 4. a3 Ba6 5. Qc2 c5 6. dxc5 Bxc5 7. Bg5 Bb7 8. e3 Be7 9. Nbd2 d6 10. Bd3 Nbd7 11. 0-0 0-0 12. Rac1 Rc8 13. Qb1 h6 14. Bh4 Rc7 15. Rfd1 Qa8 16. Be4 Rfc8 17. Bxb7 Qxb7 18. Nd4 a6 19. b4 Ne5 20. b5 Nxc4 21. Nxc4 Rxc4 22. Nc6 axb5 23. Rxc4 bxc4 24. Nxe7+ Qxe7 25. Qxb6 d5 26. e4 g5 27. e5 Ne4 28. f3 Nc3 0-1

[Event "Velika Gorica op 10th"]
[Site "Velika Gorica"]
[Date "2012.08.27"]
[Round "7"]
[White "Prihoda, Leonardo"]
[Black "Majeric, Zoran"]
[Result "1/2-1/2"]
[WhiteElo "1881"]
[BlackElo "2277"]
[PlyCount "61"]
[EventDate "2012.08.20"]
[EventType "swiss"]
[EventRounds "9"]
[EventCountry "CRO"]
[SourceTitle "CBM 150 Extra"]
[Source "ChessBase"]
[SourceDate "2012.10.19"]
[SourceVersion "1"]
[SourceVersionDate "2012.10.19"]
[SourceQuality "1"]

1. d4 Nf6 2. c4 e5 3. dxe5 Ng4 4. Nf3 Bc5 5. e3 Nc6 6. Bd2 0-0 7. Be2 Re8 8. 0-0 a5 9. Bc3 Ngxe5 10. Nxe5 Nxe5 11. Nd2 Ra6 12. Nf3 Nxf3+ 13. Bxf3 Rh6 14. g3 b6 15. a3 Qe7 16. Re1 Qe6 17. b4 axb4 18. axb4 Bf8 19. Bd5 Qh3 20. Qf3 Qxh2+ 21. Kf1 Qh3+ 22. Ke2 Qh5 23. Qxh5 Rxh5 24. b5 c6 25. bxc6 dxc6 26. Bxc6 Rd8 27. Bd4 Bc5 28. Red1 Bg4+ 29. Bf3 Bxf3+ 30. Kxf3 h6 31. Bxc5 1/2-1/2

[Event "Velika Gorica op 10th"]
[Site "Velika Gorica"]
[Date "2012.08.24"]
[Round "5"]
[White "Basaric, Srdjan"]
[Black "Prihoda, Leonardo"]
[Result "1/2-1/2"]
[WhiteElo "2201"]
[BlackElo "1881"]
[PlyCount "122"]
[EventDate "2012.08.20"]
[EventType "swiss"]
[EventRounds "9"]
[EventCountry "CRO"]
[SourceTitle "CBM 150 Extra"]
[Source "ChessBase"]
[SourceDate "2012.10.19"]
[SourceVersion "1"]
[SourceVersionDate "2012.10.19"]
[SourceQuality "1"]

1. e4 c6 2. d3 d5 3. Nd2 e5 4. Ngf3 Bd6 5. d4 exd4 6. exd5 cxd5 7. Nxd4 Nf6 8. Bb5+ Bd7 9. Bxd7+ Qxd7 10. Qe2+ Be7 11. 0-0 0-0 12. N2f3 Nc6 13. h3 Rfe8 14. Be3 Bd6 15. Qd3 Ne4 16. c3 Rad8 17. Rad1 Bb8 18. Rfe1 f6 19. Nxc6 bxc6 20. c4 Qb7 21. cxd5 cxd5 22. Bd4 Qc7 23. Rc1 Qd6 24. Kf1 Rc8 25. Rxc8 Rxc8 26. Qb3 Kf8 27. Rd1 Qa6+ 28. Kg1 Qc4 29. Qb7 Qc6 30. Qb3 Qc2 31. Qxc2 Rxc2 32. Ne1 Rd2 33. Rxd2 Nxd2 34. Nd3 Ke7 35. f3 Nc4 36. Kf2 Ne5 37. Ke3 Nc6 38. Bc5+ Ke6 39. g3 g6 40. b4 Ne5 41. Nf4+ Kd7 42. Nxd5 Ke6 43. Nf4+ Kd7 44. Nd5 Nf7 45. Bd4 f5 46. g4 fxg4 47. fxg4 h5 48. a4 hxg4 49. hxg4 Nh6 50. Kf3 Ke6 51. Nf4+ Kf7 52. a5 g5 53. Nh3 Ke6 54. a6 Kd5 55. Be3 Nf7 56. Nxg5 Ne5+ 57. Kg3 Kc4 58. Bf4 Kxb4 59. Nf3 Nxg4 60. Bxb8 Kb5 61. Bxa7 Kxa6 1/2-1/2

[Event "Velika Gorica op 10th"]
[Site "Velika Gorica"]
[Date "2012.08.22"]
[Round "3"]
[White "Frank, Vladimir"]
[Black "Prihoda, Leonardo"]
[Result "1/2-1/2"]
[WhiteElo "2119"]
[BlackElo "1881"]
[PlyCount "106"]
[EventDate "2012.08.20"]
[EventType "swiss"]
[EventRounds "9"]
[EventCountry "CRO"]
[SourceTitle "CBM 150 Extra"]
[Source "ChessBase"]
[SourceDate "2012.10.19"]
[SourceVersion "1"]
[SourceVersionDate "2012.10.19"]
[SourceQuality "1"]

1. Nf3 d5 2. b3 Nf6 3. Bb2 g6 4. c4 c6 5. d3 Bg7 6. Nbd2 0-0 7. Rc1 Bf5 8. e3 Na6 9. cxd5 cxd5 10. a3 Rc8 11. b4 Nb8 12. Be2 Rxc1 13. Qxc1 Qc8 14. Qa1 Nbd7 15. 0-0 Qb8 16. Nd4 e5 17. Nxf5 gxf5 18. Nf3 Ng4 19. h3 Nh6 20. Rc1 f6 21. Qa2 Qd6 22. e4 Nb6 23. Rc5 Kh8 24. exd5 Rd8 25. Bc1 Ng8 26. Qc2 Ne7 27. Nh4 Nbxd5 28. Bf3 Qd7 29. g3 b6 30. Rc4 Ng6 31. Nxf5 Qxf5 32. Bg4 Nxb4 33. Bxf5 Nxc2 34. Rxc2 Ne7 35. Bg4 f5 36. Bg5 fxg4 37. Bxe7 Re8 38. Rc7 gxh3 39. Rxa7 Bf8 40. Bf6+ Kg8 41. Kh2 Re6 42. Bg5 Rd6 43. Be3 Rxd3 44. Bxb6 Rxa3 45. Rxa3 Bxa3 46. Kxh3 Kf7 47. Kg4 Kg6 48. Kf3 Kf5 49. g4+ Ke6 50. Ke4 Bb2 51. Bc7 Bc3 52. f3 Bb2 53. Bb8 Bc3 1/2-1/2

[Event "Velika Gorica op 10th"]
[Site "Velika Gorica"]
[Date "2012.08.20"]
[Round "1"]
[White "Zecevic, Dean"]
[Black "Prihoda, Leonardo"]
[Result "1/2-1/2"]
[WhiteElo "2276"]
[BlackElo "1881"]
[PlyCount "98"]
[EventDate "2012.08.20"]
[EventType "swiss"]
[EventRounds "9"]
[EventCountry "CRO"]
[SourceTitle "CBM 150 Extra"]
[Source "ChessBase"]
[SourceDate "2012.10.19"]
[SourceVersion "1"]
[SourceVersionDate "2012.10.19"]
[SourceQuality "1"]

1. e4 e5 2. Nf3 Nc6 3. Bb5 a6 4. Ba4 Nf6 5. 0-0 Be7 6. Re1 b5 7. Bb3 d6 8. c3 0-0 9. h3 Nb8 10. d4 Nbd7 11. Nbd2 Bb7 12. Bc2 c5 13. d5 c4 14. Nf1 Nc5 15. Ng3 Re8 16. a4 Nfd7 17. Nf5 Bf8 18. Nh2 Nb6 19. Re3 Bc8 20. a5 Bxf5 21. exf5 Nbd7 22. Rg3 Kh8 23. Bg5 Be7 24. Be3 Nf6 25. Nf3 Qc7 26. Ng5 Rf8 27. Qf3 Rac8 28. Ne4 Ncxe4 29. Bxe4 Qb7 30. h4 Rg8 31. Rh3 Bd8 32. g4 b4 33. Bd2 bxc3 34. Bxc3 Rc5 35. Ra4 Nxe4 36. Qxe4 Qxd5 37. Qxd5 Rxd5 38. Rxc4 Bxa5 39. b4 Bb6 40. Rc6 Rb8 41. h5 h6 42. Kg2 a5 43. bxa5 Bxa5 44. Bxa5 Rxa5 45. Rxd6 Ra4 46. Rg3 Rbb4 47. Kh3 f6 48. Rd8+ Kh7 49. Rc3 Rc4 1/2-1/2

[Event "CRO-ch U19"]
[Site "Topusko"]
[Date "2012.07.27"]
[Round "7"]
[White "Bertusi, Misel"]
[Black "Prihoda, Leonardo"]
[Result "0-1"]
[WhiteElo "1950"]
[BlackElo "1881"]
[PlyCount "96"]
[EventDate "2012.??.??"]
[EventType "swiss"]
[EventRounds "9"]
[EventCountry "CRO"]
[SourceTitle "EXT 2013"]
[Source "ChessBase"]
[SourceDate "2012.11.22"]
[SourceVersion "1"]
[SourceVersionDate "2012.11.22"]
[SourceQuality "1"]

1. e4 e5 2. Nf3 Nc6 3. d4 exd4 4. Nxd4 Nf6 5. Nxc6 bxc6 6. Bd3 d5 7. e5 Ng4 8. Bf4 Bc5 9. 0-0 0-0 10. h3 Bxf2+ 11. Rxf2 Nxf2 12. Kxf2 Qh4+ 13. g3 Qxh3 14. Qf3 f6 15. e6 Bxe6 16. Nd2 Qh2+ 17. Qg2 Qxg2+ 18. Kxg2 c5 19. c4 Rac8 20. Kf2 Rfd8 21. cxd5 Bxd5 22. Bc4 g5 23. Be3 Bxc4 24. Nxc4 Rd5 25. Rc1 Rb8 26. b3 a5 27. Kf3 Kf7 28. Rh1 Kg6 29. Nxa5 Rf5+ 30. Ke4 Re8+ 31. Kd3 Rf3 32. Nc4 Rxg3 33. a4 f5 34. Kd2 f4 35. Bxc5 Rxb3 36. Kc2 Rg3 37. Rd1 f3 38. a5 Rg2+ 39. Rd2 g4 40. a6 g3 41. Rxg2 fxg2 42. a7 h5 43. Bg1 h4 44. Ne5+ Kf5 45. Nc6 Ra8 46. Nd4+ Kg4 47. Nc6 h3 48. Ne5+ Kf5 0-1

[Event "CRO-ch U17"]
[Site "Topusko"]
[Date "2011.07.28"]
[Round "7"]
[White "Pejic, Igor"]
[Black "Prihoda, Leonardo"]
[Result "1-0"]
[WhiteElo "2040"]
[BlackElo "1841"]
[PlyCount "75"]
[EventDate "2011.07.24"]
[EventType "swiss"]
[EventRounds "9"]
[EventCountry "CRO"]
[SourceTitle "EXT 2012"]
[Source "ChessBase"]
[SourceDate "2011.11.24"]
[SourceVersion "1"]
[SourceVersionDate "2011.11.24"]
[SourceQuality "1"]

1. e4 e5 2. Nf3 Nc6 3. Bc4 Nf6 4. d4 exd4 5. 0-0 Nxe4 6. Re1 d5 7. Bxd5 Qxd5 8. Nc3 Qa5 9. Nxe4 Be6 10. Bd2 Bb4 11. Nxd4 Nxd4 12. c3 Be7 13. cxd4 Qf5 14. Bb4 Bxb4 15. Qa4+ Bd7 16. Nd6+ Kd8 17. Nxb7+ Kc8 18. Qxb4 Qd5 19. Na5 Rb8 20. Qc3 Rb6 21. Re5 Qa8 22. Rc1 Qb8 23. Rc5 Re8 24. Rxc7+ Kd8 25. Nc6+ Bxc6 26. Rxc6 Rxc6 27. Qxc6 Re6 28. Qc3 Re2 29. Qa5+ Qb6 30. Qg5+ Re7 31. Qxg7 Qe6 32. Qg8+ Re8 33. Qg5+ f6 34. Qa5+ Qb6 35. Qxb6+ axb6 36. Kf1 Re4 37. Rc6 Rxd4 38. Rxb6 1-0

[Event "CRO-ch U17"]
[Site "Topusko"]
[Date "2011.07.27"]
[Round "5"]
[White "Ivekovic, Bozidar1111"]
[Black "Prihoda, Leonardo"]
[Result "1/2-1/2"]
[WhiteElo "2206"]
[BlackElo "1841"]
[PlyCount "107"]
[EventDate "2011.07.24"]
[EventType "swiss"]
[EventRounds "9"]
[EventCountry "CRO"]
[SourceTitle "EXT 2012"]
[Source "ChessBase"]
[SourceDate "2011.11.24"]
[SourceVersion "1"]
[SourceVersionDate "2011.11.24"]
[SourceQuality "1"]

1. Nf3 d5 2. g3 Nf6 3. Bg2 c5 4. 0-0 Nc6 5. d3 h6 6. Nbd2 Bf5 7. Nh4 Bh7 8. e4 e6 9. Re1 Be7 10. exd5 Nxd5 11. Nhf3 0-0 12. Nc4 Bf6 13. Ne3 Nxe3 14. fxe3 Qb6 15. Nd2 Rad8 16. Kh1 Rd7 17. Rb1 Qc7 18. Ne4 Be7 19. b3 f5 20. Nf2 Bf6 21. Rf1 Nb4 22. a3 Nd5 23. Bd2 Nc3 24. Bxc3 Bxc3 25. e4 Bd4 26. Qe2 Qd6 27. Nh3 g5 28. Ng1 g4 29. exf5 exf5 30. Qd2 Re7 31. Ne2 Be3 32. Qc3 Rfe8 33. Nf4 Bxf4 34. Rxf4 Bg6 35. a4 b6 36. d4 cxd4 37. Rxd4 Qc5 38. Rc4 Qe5 39. Qd3 Bf7 40. Rf4 Be6 41. Rff1 Bc8 42. Qd2 Kg7 43. Bc6 Qc5 44. Bg2 Re2 45. Qd5 Qxd5 46. Bxd5 Rxc2 47. Rbe1 Ree2 48. Rxe2 Rxe2 49. Rc1 Be6 50. Rc7+ Kf6 51. Bxe6 Kxe6 52. Rxa7 Rb2 53. Rb7 Rxb3 54. a5 1/2-1/2

[Event "CRO-ch U17"]
[Site "Topusko"]
[Date "2011.07.27"]
[Round "6"]
[White "Prihoda, Leonardo"]
[Black "Cenkovcan, Andrija"]
[Result "1-0"]
[WhiteElo "1841"]
[BlackElo "1852"]
[PlyCount "65"]
[EventDate "2011.07.24"]
[EventType "swiss"]
[EventRounds "9"]
[EventCountry "CRO"]
[SourceTitle "EXT 2012"]
[Source "ChessBase"]
[SourceDate "2011.11.24"]
[SourceVersion "1"]
[SourceVersionDate "2011.11.24"]
[SourceQuality "1"]

1. d4 g6 2. c4 Nf6 3. Nc3 Bg7 4. e4 d6 5. Be2 0-0 6. Nf3 e5 7. d5 a5 8. 0-0 Nbd7 9. Ne1 Nc5 10. Qc2 Ng4 11. f3 Nh6 12. Nd3 Nxd3 13. Bxd3 f5 14. Be3 f4 15. Bf2 b6 16. a3 g5 17. h3 Qe7 18. b4 Bb7 19. c5 axb4 20. axb4 bxc5 21. bxc5 c6 22. dxc6 Bxc6 23. Bc4+ Kh8 24. Nd5 Bxd5 25. Bxd5 Rac8 26. Rfb1 Ng8 27. Rb7 Rc7 28. Raa7 Rxb7 29. Rxb7 Qd8 30. cxd6 h5 31. Qc7 Qf6 32. Bb6 Ra8 33. Qxg7+ 1-0

[Event "CRO-chT2 U20 Center"]
[Site "Zagreb"]
[Date "2011.03.26"]
[Round "3.11"]
[White "Prihoda, Leonardo"]
[Black "Vucic, Mihovil"]
[Result "1/2-1/2"]
[WhiteElo "1844"]
[BlackElo "1950"]
[PlyCount "86"]
[EventDate "2011.03.19"]
[EventType "team-swiss"]
[EventRounds "7"]
[EventCountry "CRO"]
[SourceTitle "EXT 2014"]
[Source "ChessBase"]
[SourceDate "2013.11.20"]
[SourceVersion "1"]
[SourceVersionDate "2013.11.20"]
[SourceQuality "1"]

1. d4 d5 2. c4 e6 3. Nc3 Nf6 4. Bg5 Nbd7 5. e3 Be7 6. Nf3 0-0 7. cxd5 exd5 8. Bd3 Re8 9. 0-0 c6 10. Qc2 Nf8 11. Ne5 Ng4 12. Bxe7 Qxe7 13. Nxg4 Bxg4 14. Rfe1 Qg5 15. f4 Qh4 16. Qf2 Qxf2+ 17. Kxf2 Rad8 18. h3 Bc8 19. b4 g6 20. Na4 Bf5 21. Bxf5 gxf5 22. Nc5 b6 23. Nb3 Rd6 24. Rac1 Nd7 25. Rc3 Nf6 26. Nd2 b5 27. Rec1 Rc8 28. a4 bxa4 29. Ra3 Rd7 30. Rxa4 Rb7 31. Kf3 h5 32. Nb3 Kg7 33. Nc5 Rb6 34. Nd3 Rc7 35. Rca1 Rbb7 36. Nc5 Rb6 37. Nd3 Rbb7 38. Rc1 Ne4 39. Nc5 Nxc5 40. Rxc5 Rb6 41. Rca5 Rcb7 42. Rxa7 Rxa7 43. Rxa7 Rxb4 1/2-1/2

[Event "CRO-chT U16 final"]
[Site "Topusko"]
[Date "2010.12.30"]
[Round "7.32"]
[White "Gradicek, Matej"]
[Black "Prihoda, Leonardo"]
[Result "1-0"]
[WhiteElo "1665"]
[BlackElo "1847"]
[PlyCount "113"]
[EventDate "2010.12.27"]
[EventType "team"]
[EventRounds "7"]
[EventCountry "CRO"]
[SourceTitle "EXT 2012"]
[Source "ChessBase"]
[SourceDate "2011.11.24"]
[SourceVersion "1"]
[SourceVersionDate "2011.11.24"]
[SourceQuality "1"]

1. e4 e5 2. Nf3 Nc6 3. Bb5 a6 4. Ba4 Be7 5. 0-0 Nf6 6. Re1 b5 7. Bb3 d6 8. h3 0-0 9. c3 Na5 10. Bc2 c5 11. d4 Qc7 12. Nbd2 Bd7 13. Nb3 Nc4 14. Rb1 h6 15. Nbd2 Nxd2 16. Bxd2 Rfc8 17. Rc1 Nh7 18. Be3 Be6 19. Bb3 c4 20. d5 Bd7 21. Bc2 g5 22. Qd2 f6 23. h4 Kg7 24. g3 Rh8 25. Kg2 Nf8 26. Rh1 g4 27. Nh2 h5 28. Rcf1 Ng6 29. f3 gxf3+ 30. Rxf3 Raf8 31. Rhf1 Qc8 32. Kg1 Kf7 33. Bg5 Kg7 34. Be3 Bd8 35. Qf2 Be7 36. Qd2 Bh3 37. Re1 Bd8 38. Qf2 Qb7 39. Qd2 Bb6 40. Bxb6 Qxb6+ 41. Qe3 Qc7 42. Rf2 Bc8 43. Ref1 Bh3 44. Re1 Rf7 45. Qe2 Kf8 46. Nf1 Ke7 47. Ne3 Rg7 48. Kh2 Bc8 49. Nf5+ Bxf5 50. Rxf5 Qc5 51. Ref1 Rf7 52. Qf3 Rhf8 53. Qxh5 Rg8 54. Rxf6 Rgg7 55. Qf5 Nf4 56. Rxf7+ Rxf7 57. Qg5+ 1-0

[Event "CRO-chT U16 final"]
[Site "Topusko"]
[Date "2010.12.28"]
[Round "3.23"]
[White "Orehovec, Ivan"]
[Black "Prihoda, Leonardo"]
[Result "0-1"]
[WhiteElo "1664"]
[BlackElo "1847"]
[PlyCount "100"]
[EventDate "2010.12.27"]
[EventType "team"]
[EventRounds "7"]
[EventCountry "CRO"]
[SourceTitle "EXT 2012"]
[Source "ChessBase"]
[SourceDate "2011.11.24"]
[SourceVersion "1"]
[SourceVersionDate "2011.11.24"]
[SourceQuality "1"]

1. e4 e5 2. Nf3 Nc6 3. Bb5 a6 4. Ba4 Nf6 5. 0-0 Be7 6. Re1 d6 7. c3 b5 8. Bc2 0-0 9. h3 Nb8 10. d4 Nbd7 11. Nbd2 c5 12. d5 h6 13. Nf1 Nh7 14. Ng3 Nb6 15. b3 Bd7 16. Be3 Rc8 17. Qd2 Bg5 18. Nxg5 hxg5 19. Qe2 g6 20. Nf1 f5 21. f3 f4 22. Bf2 Kg7 23. Rec1 a5 24. Nd2 Nf6 25. c4 b4 26. Nf1 Rh8 27. Kh2 Ra8 28. Nd2 Qc8 29. Qf1 Rh7 30. Bd3 Qc7 31. h4 Rah8 32. g3 fxg3+ 33. Bxg3 Nh5 34. Bf2 gxh4 35. Qg1 Nf4 36. Bc2 Bc8 37. Qh1 Qd7 38. Kg1 Ne2+ 39. Kg2 Nf4+ 40. Kg1 h3 41. Bg3 Ne2+ 42. Kf2 Nxg3 43. Kxg3 Qf7 44. Kf2 Qf4 45. Nf1 h2 46. Ke2 g5 47. Nd2 g4 48. fxg4 Bxg4+ 49. Nf3 Bxf3+ 50. Qxf3 Qxf3+ 0-1

[Event "CRO-chT U16 final"]
[Site "Topusko"]
[Date "2010.12.27"]
[Round "2.22"]
[White "Ivekovic, Tihana"]
[Black "Prihoda, Leonardo"]
[Result "1/2-1/2"]
[WhiteElo "1900"]
[BlackElo "1847"]
[PlyCount "85"]
[EventDate "2010.12.27"]
[EventType "team"]
[EventRounds "7"]
[EventCountry "CRO"]
[SourceTitle "EXT 2012"]
[Source "ChessBase"]
[SourceDate "2011.11.24"]
[SourceVersion "1"]
[SourceVersionDate "2011.11.24"]
[SourceQuality "1"]

1. e4 e5 2. Nf3 Nc6 3. Bb5 a6 4. Ba4 Nf6 5. 0-0 Be7 6. Re1 b5 7. Bb3 d6 8. c3 0-0 9. h3 Na5 10. Bc2 c5 11. d4 Qc7 12. Nbd2 Bd7 13. Nf1 Rac8 14. d5 h6 15. Ng3 Nh7 16. Nh2 Bh4 17. Nhf1 Bg5 18. Bxg5 hxg5 19. Ne3 g6 20. Qe2 Kg7 21. a4 Nb7 22. Reb1 Qb6 23. c4 b4 24. b3 Rh8 25. Qd3 Qd8 26. Bd1 Nf6 27. Bg4 Bxg4 28. hxg4 Qd7 29. f3 Rh7 30. Kf2 Rch8 31. Rh1 Qd8 32. Qc2 Rxh1 33. Rxh1 Rxh1 34. Nxh1 Qh8 35. Ng3 Ne8 36. Qd3 f6 37. Qc2 Kf7 38. Qd3 Ng7 39. Qc2 Nd8 40. Qb1 Ke7 41. Qc2 Nf7 42. Qb1 Qh4 43. Qc2 1/2-1/2